000 00835nmc a2200301 a 4500
003 AR-BaBNM
005 20251128210200.0
008 309019s1998 ||||||||||||||000 | spa||
020 _a84-7133-680-4
040 _cAR-BaBNM
100 1 _aCano García, Elena
245 1 0 _aEvaluación de la calidad educativa
260 _aMadrid
_bLa Muralla
_c1998
300 0 _a239 p.
_btablas, gráfs.
490 0 _aAula abierta
504 _aContiene bibliografía p. 325-339
650 4 _aCALIDAD DE LA EDUCACION
650 4 _aADMINISTRACION DE LA EDUCACION
650 4 _aMETODOS DE EVALUACION
651 4 _aEstados Unidos
651 4 _aEspaña
653 0 _aSISTEMA EDUCATIVO
653 0 _aCALIDAD TOTAL
653 0 _aEVALUACION EDUCATIVA
800 1 _aCasanova, María Antonia
_edirector
942 _cBK
998 _cRaquel
999 _c14409
_d14409